000 00905nas a2200301 4500
001 BR2015006255
003 BR-BrBNA
005 20231205125911.0
007 ta
008 230509b bl.|||p| |||| 00| 00por d
040 _aBR-BrBNA
_bpor
_cBiblioteca Nacional de Agricultura
041 _a(En)
072 _aF62
100 1 _aPatreze,C.M.
100 1 _aCordeiro, L.
245 1 _aNodulation, arbuscular mycorrhizal colonization and growth of some legumes native from Brazil
650 _aRHIZOBIUM
650 _aINOCULACAO
650 _aTIMBAUVA
650 _aENTEROLOBIUM CONTORTISILEQUUM
650 _aINGA
650 _aTIMBO
650 _aLONCHOCARPUS MUEHLBERGIANUS
650 _aCRESCIMENTO
773 0 _tActa Botânica Brasílica (Brazil)
_xISSN 0102-3306
_g(Jul-Sep 2005), v. 19(3) p. 527-537
_wBR2015006255
909 _a202311
_bLúcia
_c55
_dLúcia Elande
942 _2AGRIS
_n0
_cANA
999 _c246782
_d246782